Administración de los servicios de enfermería / (Registro nro. 30903)

Detalles MARC
000 -LEADER
fixed length control field 00999nam a22002297a 4500
003 - CONTROL NUMBER IDENTIFIER
control field CO-CtgCURN
005 - DATE AND TIME OF LATEST TRANSACTION
control field 20250421162045.0
008 - FIXED-LENGTH DATA ELEMENTS--GENERAL INFORMATION
fixed length control field 250421b |||||||| |||| 00| 0 eng d
020 ## - INTERNATIONAL STANDARD BOOK NUMBER
International Standard Book Number 9786071512413
040 ## - CATALOGING SOURCE
Language of cataloging spa
Transcribing agency coctgcurn
082 ## - DEWEY DECIMAL CLASSIFICATION NUMBER
Classification number 610.73
Item number B192 2015
100 ## - MAIN ENTRY--PERSONAL NAME
Personal name Balderas Pedrero, María de la Luz
245 ## - TITLE STATEMENT
Title Administración de los servicios de enfermería /
Statement of responsibility, etc. María de la Luz Balderas Pedrero.
250 ## - EDITION STATEMENT
Edition statement Séptima edición.
260 ## - PUBLICATION, DISTRIBUTION, ETC.
Place of publication, distribution, etc. México :
Name of publisher, distributor, etc. McGraw-Hill,
Date of publication, distribution, etc. 2015
300 ## - PHYSICAL DESCRIPTION
Extent 405 páginas
504 ## - BIBLIOGRAPHY, ETC. NOTE
Bibliography, etc. note Incluye índice bibliográfico (p.397-405)
505 ## - FORMATTED CONTENTS NOTE
Formatted contents note Introducción a la teoría general de la administración.--Administración de servicios de enfermería.--Administración de recursos humanos.--Administración de la atención de enfermería.-- Investigación y administración
650 ## - SUBJECT ADDED ENTRY--TOPICAL TERM
Topical term or geographic name entry element Planificación estratégica.
650 ## - SUBJECT ADDED ENTRY--TOPICAL TERM
Topical term or geographic name entry element Enfermería
Form subdivision Servicios
General subdivision Administración.
942 ## - ADDED ENTRY ELEMENTS (KOHA)
Source of classification or shelving scheme Dewey Decimal Classification
Koha item type Libros
Classification part 610.73
Item part B192 2015
Suppress in OPAC No
Existencias
Withdrawn status Lost status Source of classification or shelving scheme Damaged status Not for loan Collection Home library Current library Shelving location Date acquired Inventory number Total checkouts Full call number Barcode Date last seen Price effective from Koha item type Public note
    Dewey Decimal Classification     General Miguel Henríquez Emiliani Miguel Henríquez Emiliani General 04/21/2025 024819   610.73 B192 2015 024819 04/21/2025 04/21/2025 Libros 610-CIENME